01456ngm a2200265 a 450000500170000000800410001704100080005808200140006611000360008024501100011625000180022630000540024449000280029852005570032665000360088365000400091965000450095994200130100426400350101733600270105233700330107933800280111204000350114099900150117520220317001839.0170410s2014 c g 000 0 s  aspa04a525bD37c2 aDiscovery Communications97787510aColisiones cósmicasbla tierra = Cosmic collisionsbearthcDiscovery Communicationshvideodisco digital a1a. edición a1 DVD (46 minutos)bsonido, color, digitalc19 cm aDiscovery en la escuela aLos impactos de asteroides han dejado profundas cicatrices en todo el rostro del planeta tierra y son responsables de una de las mayores extinciones de la historia. Los científicos creen que no es una cuestión de si se va a producir de nuevo, sino cuando... definitivamente es cuestión de tiempo. Colisiones cósmicas: la Tierra abarca todo lo que hay que saber acerca de los choques de meteoritos con nuestro planeta y cómo los científicos se están preparando para enfrentar un suceso como este. Titulo original: Cosmic collisions: Earth142LEMBaAstronomíavVideodiscos142LEMBaTierra (planeta)vVideodiscos142LEMBaColisiones espacialesvVideodiscos 2ddccDVD aBogotábMS Tv & Videosc2014 atextobtxt2rdacontent asin mediaciónbn2rdamedia avolumenbnc2rdacarrier aCO-BoRNBPbspaerdacCO-BoRNBP c8292d8292